|
|
|
|
| LEADER |
00000cam a2200000 a 4500 |
| 001 |
UCF3651 |
| 003 |
CL-VaPUC |
| 008 |
121025e19780000US |||||||||||||||||eng|d |
| 020 |
|
|
|a 0387904484
|
| 082 |
0 |
4 |
|a 333.91
|b ROS
|2 21
|
| 100 |
0 |
|
|a Ross, David A
|e author
|9 565386
|
| 245 |
1 |
0 |
|a Opportunities and uses of the ocean
|
| 300 |
|
|
|a 320 p
|
| 942 |
|
|
|c BK
|
| 945 |
|
|
|d 20121025 00:00:00
|a dcastane
|
| 260 |
|
|
|a Nueva York
|b Springer
|c 1978
|
| 650 |
|
0 |
|a Recursos marinos
|9 261196
|
| 650 |
|
0 |
|a Recursos naturales
|9 255232
|
| 650 |
|
0 |
|a Oceanografía
|9 260014
|
| 583 |
|
|
|a last modification
|c 20121025 12:11:00
|k Rodrigo Vera
|
| 999 |
|
|
|c 349841
|d 349839
|
| 952 |
|
|
|0 0
|1 0
|2 ddc
|4 0
|6 333_910000000000000_ROS_1978
|7 0
|8 A
|9 452648
|a BIBCUR
|b BIBCUR
|d 2019-11-22
|i 4917227
|o 333.91 ROS 1978
|p 4917227
|r 2025-04-22
|w 2019-11-22
|y BK
|k CIM
|